[Event "EU-ch (Women) 24th"]
[Site "Rhodes"]
[Date "2024.04.29"]
[Round "10"]
[White "Batsiashvili, Nino"]
[Black "Fataliyeva, Ulviyya Hasil Qizi"]
[Result "1/2-1/2"]
[WhiteElo "2445"]
[BlackElo "2377"]
[PlyCount "45"]
[EventDate "2024.04.19"]
[EventType "swiss"]
[EventRounds "10"]
[EventCountry "GRE"]
[SourceTitle "CB18_2024"]
[SourceDate "2024.05.01"]
[SourceVersion "1"]
[SourceVersionDate "2024.05.01"]
[SourceQuality "2"]

1. e4 e5 2. Nf3 Nc6 3. Bc4 Nf6 4. d3 Bc5 5. 0-0 d6 6. c3 0-0 7. Re1 a5 8. h3 Ba7 9. Na3 Ne7 10. d4 Ng6 11. dxe5 Nxe5 12. Nxe5 dxe5 13. Qxd8 Rxd8 14. Bg5 Bc5 15. Rad1 Bd7 16. Bxf6 gxf6 17. Nb5 c6 18. Nd6 Bxd6 19. Rxd6 Be6 20. Rxd8+ Rxd8 21. Bxe6 fxe6 22. Kf1 Rd2 23. Re2 1/2-1/2

[Event "GEO-AZE (Women) m"]
[Site "Tbilisi"]
[Date "2024.02.28"]
[Round "2"]
[White "Batsiashvili, Nino"]
[Black "Fataliyeva, Ulviyya Hasil Qizi"]
[Result "1-0"]
[WhiteElo "2447"]
[BlackElo "2384"]
[PlyCount "149"]
[EventDate "2024.02.27"]
[EventType "team-match"]
[EventRounds "5"]
[EventCountry "GEO"]
[SourceTitle "CB10_2024"]
[SourceDate "2024.03.06"]
[SourceVersion "1"]
[SourceVersionDate "2024.03.06"]
[SourceQuality "1"]
[WhiteTeam "Georgia"]
[BlackTeam "Azerbaijan"]
[WhiteTeamCountry "GEO"]
[BlackTeamCountry "AZE"]

1. e4 e5 2. Nf3 Nc6 3. Bc4 Nf6 4. Ng5 d5 5. exd5 Na5 6. Bb5+ c6 7. dxc6 bxc6 8. Bd3 Nd5 9. Nf3 Bd6 10. 0-0 Nf4 11. Nc3 0-0 12. Be2 c5 13. d3 Nxe2+ 14. Qxe2 Rb8 15. Ne4 Nc6 16. c3 Be7 17. b3 Ba6 18. c4 Bc8 19. Bb2 f6 20. Rad1 Bg4 21. h3 Bh5 22. Ng3 Bf7 23. Nf5 Re8 24. Qe4 Qc8 25. Qg4 g5 26. Nh6+ Kg7 27. Nxf7 Qxg4 28. hxg4 Kxf7 29. Bc3 Red8 30. Rd2 Rd6 31. Rfd1 Bd8 32. Nh2 Ba5 33. Bxa5 Nxa5 34. Nf1 Nc6 35. Ng3 Nd4 36. Ne4 Rc6 37. f3 Rh8 38. Rb1 a5 39. a3 Rb8 40. Rdb2 Ne6 41. b4 Rcb6 42. b5 Rc8 43. Kf2 h5 44. gxh5 f5 45. Nc3 Nf4 46. Rd2 Rd6 47. Nd5 Nxd5 48. cxd5 a4 49. b6 Rb8 50. b7 Rxd5 51. Ke2 g4 52. fxg4 fxg4 53. Rb6 Rd4 54. Ke3 g3 55. Rc2 Rd7 56. Rcb2 Kg7 57. R2b5 Kh7 58. Ke4 Rd4+ 59. Kxe5 Rxd3 60. Rxc5 Rd7 61. Kf4 Rbxb7 62. Rxb7 Rxb7 63. Kxg3 Rb3+ 64. Kh4 Rxa3 65. Rc7+ Kg8 66. Ra7 Ra1 67. g4 a3 68. Kg5 a2 69. Kg6 Kf8 70. g5 Rb1 71. Ra8+ Ke7 72. Rxa2 Rb6+ 73. Kg7 Rb5 74. Re2+ Kd7 75. Kh6 1-0

[Event "Wch Blitz (Women)"]
[Site "Samarkand"]
[Date "2023.12.30"]
[Round "15"]
[White "Fataliyeva, Ulviyya Hasil Qizi"]
[Black "Kazarian, Anna Maja"]
[Result "1-0"]
[WhiteElo "2384"]
[BlackElo "2204"]
[PlyCount "79"]
[EventDate "2023.12.29"]
[EventType "swiss (blitz)"]
[EventRounds "17"]
[EventCountry "UZB"]
[SourceTitle "CB01_2024"]
[SourceDate "2024.01.03"]
[SourceVersion "1"]
[SourceVersionDate "2024.01.03"]
[SourceQuality "1"]

1. d4 d5 2. Nf3 Nf6 3. c3 c5 4. dxc5 e6 5. b4 a5 6. e3 Be7 7. Bb5+ Bd7 8. Bxd7+ Nbxd7 9. 0-0 0-0 10. Nbd2 e5 11. Qe2 e4 12. Nd4 Ne5 13. f3 Re8 14. fxe4 dxe4 15. a3 g6 16. Nc4 Nd3 17. Nxa5 Nxc5 18. Ndb3 Nd3 19. Nxb7 Qc7 20. N7c5 Ne5 21. c4 Neg4 22. g3 Bd6 23. Bb2 Qe7 24. h3 Ne5 25. Rxf6 Qxf6 26. Nxe4 Qe7 27. Nxd6 Qxd6 28. Rd1 Qc6 29. c5 Nf3+ 30. Kf2 Ng5 31. Nd4 Nxh3+ 32. Ke1 Qe4 33. Rd3 Ng5 34. c6 Rac8 35. b5 h5 36. b6 Ne6 37. b7 Rb8 38. Nxe6 Qxe6 39. Qc2 Qe5 40. Bxe5 1-0

[Event "Wch Blitz (Women)"]
[Site "Samarkand"]
[Date "2023.12.29"]
[Round "8"]
[White "Cori Tello, Deysi Estella"]
[Black "Fataliyeva, Ulviyya Hasil Qizi"]
[Result "1-0"]
[WhiteElo "2389"]
[BlackElo "2384"]
[PlyCount "81"]
[EventDate "2023.12.29"]
[EventType "swiss (blitz)"]
[EventRounds "17"]
[EventCountry "UZB"]
[SourceTitle "CB01_2024"]
[SourceDate "2024.01.03"]
[SourceVersion "1"]
[SourceVersionDate "2024.01.03"]
[SourceQuality "1"]

1. d4 Nf6 2. Nf3 e6 3. g3 d5 4. Bg2 Be7 5. 0-0 0-0 6. c4 dxc4 7. Qc2 a6 8. a4 Bd7 9. Ne5 Bc6 10. Nxc6 Nxc6 11. e3 Na5 12. Nd2 c5 13. Nxc4 cxd4 14. Nxa5 Qxa5 15. exd4 Nd5 16. Qb3 Rab8 17. Rd1 Rfd8 18. Bd2 Bb4 19. Bg5 Rd7 20. Rac1 h6 21. Bxd5 hxg5 22. Bf3 Rbd8 23. Rc4 Be7 24. d5 exd5 25. Rcd4 Bc5 26. Rxd5 g4 27. Be4 Rxd5 28. Bxd5 Rd7 29. Kg2 Qc7 30. Qc4 Bb6 31. Qxg4 Qd8 32. Bxf7+ Rxf7 33. Rxd8+ Bxd8 34. Qc8 Rf8 35. Qxb7 Bf6 36. Qxa6 Kh8 37. Qc4 Bxb2 38. Qh4+ Kg8 39. Qc4+ Kh8 40. Qb4 Be5 41. Qxf8+ 1-0

[Event "Wch Blitz (Women)"]
[Site "Samarkand"]
[Date "2023.12.29"]
[Round "4"]
[White "Fataliyeva, Ulviyya Hasil Qizi"]
[Black "Aydin, Gulenay"]
[Result "1-0"]
[WhiteElo "2384"]
[BlackElo "2152"]
[PlyCount "127"]
[EventDate "2023.12.29"]
[EventType "swiss (blitz)"]
[EventRounds "17"]
[EventCountry "UZB"]
[SourceTitle "CB01_2024"]
[SourceDate "2024.01.03"]
[SourceVersion "1"]
[SourceVersionDate "2024.01.03"]
[SourceQuality "1"]

1. d4 Nf6 2. Nf3 g6 3. Nc3 d5 4. Bf4 Bg7 5. Qd2 0-0 6. 0-0-0 c5 7. dxc5 Nc6 8. e3 Qa5 9. Kb1 Qxc5 10. Be2 Be6 11. Nd4 Nxd4 12. exd4 Qa5 13. Ne4 Qd8 14. Nc5 Bf5 15. f3 b6 16. Nb3 Rc8 17. Rc1 Bd7 18. g4 a5 19. h4 a4 20. Na1 b5 21. c3 h5 22. g5 Ne8 23. Nc2 Nc7 24. Be5 Rb8 25. Bxg7 Kxg7 26. f4 Bf5 27. Bd3 Qc8 28. a3 Ne8 29. Ne3 e6 30. Bxf5 exf5 31. Nxd5 Qc6 32. Nb4 Qe4+ 33. Qd3 Qxf4 34. Rcf1 Qc7 35. d5 Nd6 36. Qd4+ Kg8 37. Nd3 Rbe8 38. Re1 Ne4 39. Nb4 Rd8 40. Rd1 Rd7 41. Rhf1 Rc8 42. Nd3 Rcd8 43. Nf4 Ng3 44. Rf3 Ne4 45. Re1 Qb7 46. Rxe4 fxe4 47. Qxe4 Rxd5 48. Nxd5 Rxd5 49. Qe8+ Kg7 50. Rf1 Qc7 51. Qe3 Qd7 52. Qf3 Kg8 53. Re1 Kg7 54. Qe2 Kh7 55. Rf1 Kg7 56. Re1 Kh7 57. Kc2 Qf5+ 58. Qe4 Qd7 59. Re2 Rd1 60. Qe3 Qd5 61. c4 bxc4 62. Qc3 Rd3 63. Qf6 Rf3 64. Qe5 1-0

[Event "Wch Blitz (Women)"]
[Site "Samarkand"]
[Date "2023.12.29"]
[Round "9"]
[White "Fataliyeva, Ulviyya Hasil Qizi"]
[Black "Druzhinina, Olga"]
[Result "0-1"]
[WhiteElo "2384"]
[BlackElo "2245"]
[PlyCount "176"]
[EventDate "2023.12.29"]
[EventType "swiss (blitz)"]
[EventRounds "17"]
[EventCountry "UZB"]
[SourceTitle "CB01_2024"]
[SourceDate "2024.01.03"]
[SourceVersion "1"]
[SourceVersionDate "2024.01.03"]
[SourceQuality "1"]

1. d4 Nf6 2. Nf3 g6 3. Nc3 d5 4. Bf4 Bg7 5. Nb5 Na6 6. e3 0-0 7. h3 c6 8. Nc3 Qb6 9. Rb1 c5 10. Be2 Bf5 11. a3 Rac8 12. 0-0 Rfd8 13. dxc5 Nxc5 14. Nd4 Bd7 15. Be5 Nce4 16. Nxe4 Nxe4 17. Bxg7 Kxg7 18. Bd3 e5 19. Nf3 f6 20. Nd2 Nc5 21. Be2 Bf5 22. g4 Be6 23. Nf3 Ne4 24. Bd3 Qc6 25. Qe2 Nc5 26. Nd2 a6 27. b4 Na4 28. b5 Qd6 29. bxa6 Nc3 30. Qe1 Nxb1 31. axb7 Rb8 32. Qxb1 Qc6 33. Bb5 Qxb7 34. a4 Bd7 35. Bxd7 Rxd7 36. Qa2 Qb2 37. Ra1 Qxa2 38. Rxa2 Ra7 39. Nb3 Rba8 40. a5 Ra6 41. f4 Kf7 42. Kf2 Ke7 43. Ke2 Kd6 44. Kd3 Rc8 45. Ra4 Rc7 46. Rb4 Rac6 47. Rb8 Rc3+ 48. Ke2 Rxc2+ 49. Kf3 exf4 50. a6 fxe3 51. Kxe3 Ra7 52. Rb6+ Ke5 53. Na5 d4+ 54. Kd3 Rc3+ 55. Kd2 Kd5 56. Rxf6 Rxh3 57. Nc6 Rc7 58. a7 Ra3 59. Rf8 Rcxa7 60. Nxa7 Rxa7 61. g5 Ke5 62. Kd3 Ra3+ 63. Kc4 Rc3+ 64. Kb4 Rg3 65. Re8+ Kf4 66. Re7 Rxg5 67. Rxh7 Ke4 68. Kc4 Re5 69. Rh4+ Kf5 70. Kd3 Re3+ 71. Kxd4 Re1 72. Rh8 g5 73. Rf8+ Kg4 74. Kd3 Kg3 75. Kd2 Re7 76. Rf5 g4 77. Rf8 Kg2 78. Rf6 g3 79. Rf8 Kg1 80. Rf6 g2 81. Rf8 Re5 82. Rf7 Kh2 83. Rh7+ Kg3 84. Rg7+ Kf3 85. Rg8 Rd5+ 86. Ke1 Re5+ 87. Kd2 Re4 88. Rg7 Rg4 0-1

[Event "Wch Blitz (Women)"]
[Site "Samarkand"]
[Date "2023.12.29"]
[Round "6"]
[White "Fataliyeva, Ulviyya Hasil Qizi"]
[Black "Kurbonboeva, Sarvinoz"]
[Result "1-0"]
[WhiteElo "2384"]
[BlackElo "2154"]
[PlyCount "45"]
[EventDate "2023.12.29"]
[EventType "swiss (blitz)"]
[EventRounds "17"]
[EventCountry "UZB"]
[SourceTitle "CB01_2024"]
[SourceDate "2024.01.03"]
[SourceVersion "1"]
[SourceVersionDate "2024.01.03"]
[SourceQuality "1"]

1. d4 f5 2. Nf3 Nf6 3. c4 e6 4. Bf4 d5 5. e3 c6 6. Nc3 Nbd7 7. h3 Qb6 8. Qc2 Ne4 9. c5 Qa5 10. Bd3 b6 11. cxb6 axb6 12. 0-0 Nxc3 13. bxc3 Qa4 14. Qe2 Ba6 15. Ng5 Ke7 16. Bxa6 Qxa6 17. Qh5 g6 18. Qh4 Nf6 19. Be5 Bg7 20. Qg3 Qb7 21. Bd6+ Kd7 22. Bb4 Bf8 23. Qe5 1-0

[Event "Wch Blitz (Women)"]
[Site "Samarkand"]
[Date "2023.12.29"]
[Round "3"]
[White "Lesbekova, Asel"]
[Black "Fataliyeva, Ulviyya Hasil Qizi"]
[Result "1-0"]
[WhiteElo "1805"]
[BlackElo "2384"]
[PlyCount "81"]
[EventDate "2023.12.29"]
[EventType "swiss (blitz)"]
[EventRounds "17"]
[EventCountry "UZB"]
[SourceTitle "CB01_2024"]
[SourceDate "2024.01.03"]
[SourceVersion "1"]
[SourceVersionDate "2024.01.03"]
[SourceQuality "1"]

1. e4 e5 2. Nf3 Nc6 3. Nc3 Nf6 4. d4 exd4 5. Nxd4 Bb4 6. Nxc6 bxc6 7. Qd4 Qe7 8. f3 d5 9. Bg5 dxe4 10. Bxf6 Bxc3+ 11. Qxc3 Qxf6 12. Qxf6 gxf6 13. fxe4 f5 14. Bd3 Rb8 15. 0-0-0 fxe4 16. Bxe4 Rb6 17. Rd3 Be6 18. Rhd1 Ke7 19. Rc3 Rhb8 20. b3 Rb4 21. Bxc6 a5 22. a4 Rh4 23. h3 Rh5 24. Bf3 Re5 25. Rxc7+ Kf6 26. Rc6 Kg7 27. Rcd6 Rc8 28. Kb2 Rec5 29. R1d2 Bf5 30. c4 Be6 31. Bg4 Bxg4 32. hxg4 Rg5 33. R2d4 Re8 34. R6d5 Re2+ 35. Ka3 Rg6 36. g3 Re3 37. Rd3 Rxd3 38. Rxd3 Rxg4 39. c5 Rg5 40. Rc3 Kf8 41. c6 1-0

[Event "Wch Rapid (Women)"]
[Site "Samarkand"]
[Date "2023.12.27"]
[Round "7"]
[White "Fataliyeva, Ulviyya Hasil Qizi"]
[Black "Poliakova, Varvara"]
[Result "1-0"]
[WhiteElo "2384"]
[BlackElo "1959"]
[PlyCount "79"]
[EventDate "2023.12.26"]
[EventType "swiss (rapid)"]
[EventRounds "11"]
[EventCountry "UZB"]
[SourceTitle "CB01_2024"]
[SourceDate "2024.01.03"]
[SourceVersion "1"]
[SourceVersionDate "2024.01.03"]
[SourceQuality "1"]

1. d4 Nf6 2. Nf3 e6 3. Bf4 b6 4. e3 Bb7 5. Bd3 Bd6 6. Bxd6 cxd6 7. Nbd2 d5 8. c3 0-0 9. Qc2 Ba6 10. Rg1 Bxd3 11. Qxd3 Nc6 12. g4 d6 13. g5 Ne8 14. h4 g6 15. h5 Ng7 16. hxg6 fxg6 17. Nh2 Rc8 18. Qf1 Nf5 19. Qg2 b5 20. Rh1 b4 21. Ng4 bxc3 22. bxc3 Qa5 23. Nf6+ Rxf6 24. gxf6 Qxc3 25. Rd1 Nb4 26. Qh3 h5 27. Kf1 Nc2 28. Kg1 Kf7 29. Nf3 Kxf6 30. Qg2 Kf7 31. Ng5+ Kf6 32. Nxe6 Ncxe3 33. Qg5+ Kxe6 34. fxe3 Kf7 35. Rf1 Rh8 36. Rh3 Qc2 37. Rhf3 Re8 38. Rxf5+ gxf5 39. Rxf5+ Ke6 40. Qg6+ 1-0

[Event "Wch Rapid (Women)"]
[Site "Samarkand"]
[Date "2023.12.26"]
[Round "1"]
[White "Lei, Tingjie"]
[Black "Fataliyeva, Ulviyya Hasil Qizi"]
[Result "1/2-1/2"]
[WhiteElo "2550"]
[BlackElo "2384"]
[PlyCount "147"]
[EventDate "2023.12.26"]
[EventType "swiss (rapid)"]
[EventRounds "11"]
[EventCountry "UZB"]
[SourceTitle "CB01_2024"]
[SourceDate "2024.01.03"]
[SourceVersion "1"]
[SourceVersionDate "2024.01.03"]
[SourceQuality "1"]

1. e4 e5 2. Nf3 Nc6 3. Bc4 Nf6 4. d3 Bc5 5. 0-0 d6 6. c3 0-0 7. h3 a5 8. Re1 h6 9. Bb3 Be6 10. Bc2 Ba7 11. Nbd2 Re8 12. Nf1 d5 13. exd5 Bxd5 14. Ng3 Qd7 15. Ba4 Bxf3 16. Qxf3 Rad8 17. Bc2 Qd5 18. Qe2 b5 19. Nf5 Ne7 20. Nxe7+ Rxe7 21. Bf4 Rde8 22. Bg3 e4 23. d4 c5 24. Qxb5 cxd4 25. Qxd5 Nxd5 26. cxd4 Nb4 27. Bb3 Nd3 28. Re2 Bxd4 29. Rd1 Bc5 30. Kh2 Kf8 31. f3 Nb4 32. fxe4 Rxe4 33. Rxe4 Rxe4 34. Rc1 Bb6 35. Bd6+ Ke8 36. a3 Nd3 37. Rc6 Be3 38. Bc2 Rd4 39. Bg3 Nxb2 40. Rc8+ Rd8 41. Rc3 Bd4 42. Rc7 Rd7 43. Rc6 Ke7 44. Bf5 Rd5 45. Be4 Rd7 46. Ra6 a4 47. Rc6 g6 48. Bf4 Nd1 49. Rc4 Nc3 50. Bc6 Rd8 51. Bf3 Nb5 52. Rxa4 g5 53. Bg3 Rc8 54. Be2 Rc1 55. h4 Bg1+ 56. Kh3 Nc3 57. Ra5 Nxe2 58. Re5+ Kf6 59. Rxe2 Rc3 60. a4 Ra3 61. Re1 Bf2 62. Rf1 Rxg3+ 63. Kh2 Ra3 64. Rxf2+ Kg6 65. hxg5 hxg5 66. g4 Rxa4 67. Kg3 Ra3+ 68. Kg2 f6 69. Rf5 Kf7 70. Rb5 Ke6 71. Rb6+ Ke5 72. Rb5+ Kf4 73. Rb4+ Ke5 74. Rb5+ 1/2-1/2

[Event "EU-chT (Women) 24th"]
[Site "Budva"]
[Date "2023.11.18"]
[Round "7.2"]
[White "Fataliyeva, Ulviyya Hasil Qizi"]
[Black "Yao, Lan"]
[Result "1/2-1/2"]
[WhiteElo "2395"]
[BlackElo "2344"]
[PlyCount "92"]
[EventDate "2023.11.11"]
[EventType "team-swiss"]
[EventRounds "9"]
[EventCountry "MNE"]
[SourceTitle "CB47_2023"]
[SourceDate "2023.11.22"]
[SourceVersion "1"]
[SourceVersionDate "2023.11.22"]
[SourceQuality "1"]
[WhiteTeam "Azerbaijan (W)"]
[BlackTeam "England (W)"]
[WhiteTeamCountry "AZE"]
[BlackTeamCountry "ENG"]

1. e4 c5 2. Nf3 e6 3. d4 cxd4 4. Nxd4 Nc6 5. Nc3 Qc7 6. Be3 a6 7. Qf3 Nf6 8. 0-0-0 Be7 9. Kb1 0-0 10. g4 Nxd4 11. Bxd4 b5 12. g5 Ne8 13. Bd3 Bb7 14. Qh3 g6 15. Rhg1 b4 16. Ne2 e5 17. Be3 d5 18. Ng3 Ng7 19. Qg2 Rfd8 20. f3 a5 21. exd5 Bxd5 22. Qf2 Qc6 23. Be4 Bxe4 24. fxe4 a4 25. Rxd8+ Rxd8 26. Rf1 Qe6 27. Ne2 Rf8 28. Nc1 Qc6 29. Nd3 Qxe4 30. Bc5 Bxc5 31. Nxc5 Qd5 32. Nxa4 Rd8 33. b3 Nf5 34. Nb6 Qd2 35. Nc4 Qxg5 36. Nxe5 Rd2 37. Qa7 Qf6 38. Qb8+ Rd8 39. Qc7 Re8 40. Nd3 Qd4 41. Qb7 Re4 42. h3 Kg7 43. Qc7 Re7 44. Qf4 Re4 45. Qc7 Re7 46. Qf4 Re4 1/2-1/2

[Event "EU-chT (Women) 24th"]
[Site "Budva"]
[Date "2023.11.15"]
[Round "5.2"]
[White "Wagner, Dinara"]
[Black "Fataliyeva, Ulviyya Hasil Qizi"]
[Result "1/2-1/2"]
[WhiteElo "2467"]
[BlackElo "2395"]
[PlyCount "60"]
[EventDate "2023.11.11"]
[EventType "team-swiss"]
[EventRounds "9"]
[EventCountry "MNE"]
[SourceTitle "CB47_2023"]
[SourceDate "2023.11.22"]
[SourceVersion "1"]
[SourceVersionDate "2023.11.22"]
[SourceQuality "1"]
[WhiteTeam "Germany (W)"]
[BlackTeam "Azerbaijan (W)"]
[WhiteTeamCountry "GER"]
[BlackTeamCountry "AZE"]

1. d4 Nf6 2. c4 e6 3. Nf3 d5 4. Nc3 Be7 5. Bf4 0-0 6. e3 Nbd7 7. a3 c5 8. cxd5 Nxd5 9. Nxd5 exd5 10. dxc5 Nxc5 11. Be5 Bf6 12. Bxf6 Qxf6 13. Qd4 Qd6 14. Bd3 Nxd3+ 15. Qxd3 Qf6 16. Nd4 Qg5 17. g3 Bh3 18. f3 Rfe8 19. Kf2 Re5 20. Rac1 Rae8 21. Rhe1 Qh6 22. Re2 g6 23. Qb3 b6 24. Nc6 Be6 25. h4 d4 26. Qd3 dxe3+ 27. Rxe3 Qxe3+ 28. Qxe3 Rxe3 29. Kxe3 Bd5+ 30. Kf2 Bxc6 1/2-1/2

[Event "FIDE Grand Swiss (Women)"]
[Site "Douglas"]
[Date "2023.10.29"]
[Round "5"]
[White "Terbe, Julianna"]
[Black "Fataliyeva, Ulviyya Hasil Qizi"]
[Result "0-1"]
[WhiteElo "2266"]
[BlackElo "2393"]
[PlyCount "104"]
[EventDate "2023.10.25"]
[EventType "swiss"]
[EventRounds "11"]
[EventCountry "IOM"]
[SourceTitle "Mega2024 Update 01"]
[Source "Chessbase"]
[SourceDate "2023.11.12"]
[SourceVersion "1"]
[SourceVersionDate "2023.11.12"]
[SourceQuality "1"]

1. Nf3 d5 2. d4 Nf6 3. g3 e6 4. Bg2 Be7 5. c4 0-0 6. Nc3 c6 7. 0-0 Nbd7 8. Qd3 b6 9. e4 Ba6 10. b3 Rc8 11. Bb2 c5 12. exd5 exd5 13. Nb5 Bxb5 14. cxb5 c4 15. Qc2 Ne4 16. bxc4 Nd6 17. a4 Nxc4 18. Qb3 Nf6 19. Rfe1 Qd6 20. Bc3 Ne4 21. Ne5 Nxe5 22. dxe5 Qc5 23. Bxe4 dxe4 24. Bb2 Qc4 25. Qe3 Rfd8 26. Qxe4 Qb3 27. Re2 Rc4 28. Qb7 Bf8 29. e6 fxe6 30. Rae1 Rc2 31. Rxc2 Qxc2 32. Be5 Qxa4 33. Qc6 Qb3 34. h4 Rd2 35. Bf4 Rd1 36. Rxd1 Qxd1+ 37. Kg2 Qd5+ 38. Qxd5 exd5 39. Bb8 Kf7 40. Bxa7 Bc5 41. f4 h5 42. Kf3 Ke6 43. g4 g6 44. Bb8 hxg4+ 45. Kxg4 d4 46. Kf3 d3 47. Be5 Kd5 48. Bg7 Kc4 49. f5 gxf5 50. h5 Kb3 51. h6 d2 52. Ke2 Kc2 0-1

[Event "SRB-chT (Women) Div1"]
[Site "Senta"]
[Date "2023.10.18"]
[Round "9.1"]
[White "Vujovic, Vera"]
[Black "Fataliyeva, Ulviyya Hasil Qizi"]
[Result "0-1"]
[WhiteElo "1944"]
[BlackElo "2393"]
[PlyCount "74"]
[EventDate "2023.10.10"]
[EventType "team-tourn"]
[EventRounds "11"]
[EventCountry "SRB"]
[SourceTitle "Mega2024 Update 01"]
[Source "Chessbase"]
[SourceDate "2023.11.12"]
[SourceVersion "1"]
[SourceVersionDate "2023.11.12"]
[SourceQuality "1"]
[WhiteTeam "Belgrade Vidikovac (W)"]
[BlackTeam "Belgrade Rad (W)"]
[WhiteTeamCountry "SRB"]
[BlackTeamCountry "SRB"]

1. e4 c6 2. Nf3 d5 3. d3 g6 4. e5 c5 5. c3 Nc6 6. d4 Bg4 7. Be2 cxd4 8. cxd4 Qb6 9. 0-0 Bxf3 10. Bxf3 e6 11. Be3 Qxb2 12. Nd2 Qa3 13. Rb1 Bb4 14. Qc2 Nge7 15. Rb3 Qa4 16. Qb2 Bxd2 17. Qxd2 Na5 18. Rb4 Qd7 19. Rfb1 Nec6 20. Rb5 Nc4 21. Qc3 Rb8 22. Bg5 0-0 23. Be2 f5 24. exf6 Nd6 25. R5b2 Ne4 26. Qe3 Nxg5 27. Qxg5 Nxd4 28. Bg4 Nf5 29. Bh3 b6 30. g4 Nd6 31. Qh4 e5 32. Re2 e4 33. Rd1 Qf7 34. Qg5 Nb5 35. Rc2 Rbd8 36. Rc6 Qd7 37. Rdc1 Nd4 0-1

[Event "ESP-chT CECLUB Honor"]
[Site "Linares"]
[Date "2023.09.19"]
[Round "4.4"]
[White "Argandona Riveiro, Inigo"]
[Black "Fataliyeva, Ulviyya Hasil Qizi"]
[Result "0-1"]
[WhiteElo "2340"]
[BlackElo "2387"]
[PlyCount "88"]
[EventDate "2023.09.16"]
[EventType "team-tourn"]
[EventRounds "7"]
[EventCountry "ESP"]
[SourceTitle "EXT 2024"]
[Source "ChessBase"]
[SourceDate "2023.10.10"]
[SourceVersion "1"]
[SourceVersionDate "2023.10.10"]
[SourceQuality "1"]
[WhiteTeam "Taldea Gros Xake"]
[BlackTeam "Jaime Casas"]
[WhiteTeamCountry "ESP"]
[BlackTeamCountry "ESP"]

1. e4 e5 2. Nf3 Nc6 3. Bb5 a6 4. Ba4 Nf6 5. 0-0 Be7 6. Re1 b5 7. Bb3 0-0 8. h3 Bb7 9. d3 d5 10. exd5 Nxd5 11. c3 Qd6 12. Nbd2 Rad8 13. Ne4 Qg6 14. Ng3 b4 15. Qc2 bxc3 16. bxc3 Bc5 17. Ne4 Bb6 18. Nh4 Qh5 19. Bg5 f6 20. g4 Qe8 21. Be3 Kh8 22. Rab1 Nce7 23. Bxd5 Nxd5 24. c4 Nxe3 25. fxe3 Bxe4 26. dxe4 Qc6 27. Nf5 Rd7 28. Rbd1 Rxd1 29. Rxd1 g6 30. Ne7 Bxe3+ 31. Kg2 Qc5 32. Rd7 c6 33. Qb3 Bg1 34. Qf3 Be3 35. h4 Bf4 36. Qb3 Qa5 37. h5 Qe1 38. Qf3 Rb8 39. Kh3 Rb2 40. Rd8+ Kg7 41. h6+ Kf7 42. Rf8+ Kxf8 43. Nxg6+ hxg6 44. Qa3+ Kf7 0-1

[Event "ESP-chT CECLUB Honor"]
[Site "Linares"]
[Date "2023.09.18"]
[Round "3.1"]
[White "Moreno Tejera, Emilio"]
[Black "Fataliyeva, Ulviyya Hasil Qizi"]
[Result "1/2-1/2"]
[WhiteElo "2414"]
[BlackElo "2387"]
[PlyCount "115"]
[EventDate "2023.09.16"]
[EventType "team-tourn"]
[EventRounds "7"]
[EventCountry "ESP"]
[SourceTitle "EXT 2024"]
[Source "ChessBase"]
[SourceDate "2023.10.10"]
[SourceVersion "1"]
[SourceVersionDate "2023.10.10"]
[SourceQuality "1"]
[WhiteTeam "Extremadura Magic"]
[BlackTeam "Jaime Casas"]
[WhiteTeamCountry "ESP"]
[BlackTeamCountry "ESP"]

1. e4 e5 2. Nf3 Nc6 3. Bc4 Nf6 4. d3 Bc5 5. 0-0 d6 6. c3 0-0 7. Nbd2 a5 8. h3 h6 9. Re1 Be6 10. Bb5 Qb8 11. Bxc6 bxc6 12. d4 exd4 13. cxd4 Bb6 14. Nf1 d5 15. e5 Ne4 16. Be3 Re8 17. Rc1 a4 18. a3 Bc8 19. N1d2 Ba5 20. Nxe4 dxe4 21. Nd2 Qxb2 22. Nc4 Qb7 23. Rb1 Qa6 24. Nxa5 Qxa5 25. Rc1 Bd7 26. Bd2 Qd5 27. Bb4 Bf5 28. Rc5 Qd7 29. Rc1 Re6 30. Kh2 f6 31. Rc5 Rd8 32. exf6 Rxf6 33. Qxa4 Qxd4 34. Re3 Bg6 35. Qc2 Qd7 36. Bc3 Rd6 37. Rg3 Qf7 38. Qe2 Rd3 39. Be5 Rxg3 40. Bxg3 Qe6 41. Qc4 Qxc4 42. Rxc4 Ra8 43. Rxc6 Bf7 44. Rxc7 Rxa3 45. Bf4 Ra6 46. Be3 Rf6 47. Kg3 Rg6+ 48. Kh2 Rf6 49. Re7 Re6 50. Rxe6 Bxe6 51. g4 g5 52. Kg3 Kf7 53. h4 gxh4+ 54. Kxh4 Kg6 55. Kg3 Bc8 56. f3 exf3 57. Kxf3 Bxg4+ 58. Kxg4 1/2-1/2

[Event "FIDE World Cup (Women)"]
[Site "Baku"]
[Date "2023.07.30"]
[Round "1.1"]
[White "Punsalan, Vyanla M"]
[Black "Fataliyeva, Ulviyya Hasil Qizi"]
[Result "0-1"]
[WhiteElo "1989"]
[BlackElo "2401"]
[PlyCount "128"]
[EventDate "2023.07.30"]
[EventType "k.o."]
[EventRounds "7"]
[EventCountry "AZE"]
[SourceTitle "EXT 2024"]
[Source "ChessBase"]
[SourceDate "2023.10.10"]
[SourceVersion "1"]
[SourceVersionDate "2023.10.10"]
[SourceQuality "1"]

1. e4 e5 2. Nf3 Nc6 3. Nc3 Nf6 4. d4 exd4 5. Nxd4 Bb4 6. Nxc6 bxc6 7. Bd3 d5 8. exd5 0-0 9. 0-0 cxd5 10. h3 Be6 11. Qf3 c5 12. Rd1 h6 13. Bf4 Bxc3 14. bxc3 Rc8 15. c4 Qe7 16. Rab1 Rfd8 17. Re1 Qf8 18. Be5 Nh7 19. Rb7 Ng5 20. Qe2 Re8 21. h4 dxc4 22. hxg5 cxd3 23. Qxd3 Rcd8 24. Qg3 hxg5 25. Rxa7 f6 26. Bc3 Bf5 27. Rb1 Re7 28. Rxe7 Qxe7 29. Ba5 Rd4 30. Re1 Qa7 31. Qb3+ c4 32. Qb5 Bd7 33. Qb4 Qa8 34. Qb6 Rg4 35. g3 Bf5 36. Qb5 Bg6 37. Re3 Rd4 38. Be1 Qxa2 39. Qb8+ Kh7 40. Qc8 g4 41. Bc3 Rd1+ 42. Kg2 Qb1 43. Qxg4 Rg1+ 44. Kf3 Qd1+ 45. Kf4 Qd6+ 46. Kf3 Qd5+ 47. Kf4 Rh1 48. Qe6 Qg5+ 49. Kf3 Qh5+ 50. Kf4 Rh2 51. Be1 Bxc2 52. g4 Qh6+ 53. Kf3 Bd3 54. Rxd3 Qh3+ 55. Kf4 g5+ 56. Kf5 Qxd3+ 57. Qe4 Qxe4+ 58. Kxe4 Rg2 59. Kf3 Rg1 60. Bc3 Kg6 61. Bd4 Kf7 62. Bc3 Rc1 63. Bd4 c3 64. Ke2 c2 0-1

[Event "TUR-chT"]
[Site "Ankara"]
[Date "2023.07.11"]
[Round "2.5"]
[White "Caglar, Sila"]
[Black "Fataliyeva, Ulviyya Hasil Qizi"]
[Result "0-1"]
[WhiteElo "2235"]
[BlackElo "2401"]
[PlyCount "82"]
[EventDate "2023.07.10"]
[EventType "team-tourn"]
[EventRounds "11"]
[EventCountry "TUR"]
[SourceTitle "EXT 2024"]
[Source "ChessBase"]
[SourceDate "2023.10.10"]
[SourceVersion "1"]
[SourceVersionDate "2023.10.10"]
[SourceQuality "1"]
[WhiteTeam "Hukukcu Fenerbahceliler"]
[BlackTeam "Darassufaka Spor"]
[WhiteTeamCountry "TUR"]
[BlackTeamCountry "TUR"]

1. e4 e5 2. Nf3 Nc6 3. Bb5 a6 4. Ba4 Nf6 5. 0-0 Be7 6. Bxc6 dxc6 7. d3 Qd6 8. Nbd2 Be6 9. b3 Nd7 10. Bb2 c5 11. Qe2 f6 12. Rfd1 Nf8 13. c3 Bg4 14. h3 Bh5 15. d4 exd4 16. cxd4 Ne6 17. e5 fxe5 18. dxc5 Qxc5 19. Rac1 Qb5 20. Qe3 0-0 21. a4 Qe8 22. g4 Bg6 23. Bxe5 Ba3 24. Ra1 Bc5 25. Qc3 a5 26. Nd4 Rd8 27. Nc4 Bxd4 28. Bxd4 Nf4 29. Qe3 Qc6 30. f3 Nxh3+ 31. Kg2 Rxf3 32. Ne5 Rxe3+ 33. Nxc6 Nf4+ 34. Kf2 Re2+ 35. Kf3 bxc6 36. Be3 Rxe3+ 37. Kxe3 Nd5+ 38. Kd4 Bc2 39. Rf1 Nb4+ 40. Ke5 Bxb3 41. Ra3 Re8+ 0-1